عرض عادي عرض مارك
  • ابن بشر، عثمان بن عبد الله بن عثمان،

مدخل إسم شخص

عدد التسجيلات المستخدمة في: 1

001 - رقم الضبط

  • حقل الضبط: 15745

003 - معرف رقم الضبط

  • حقل الضبط: OSt

005 - تاريخ ووقت أخر عملية

  • حقل الضبط: 20120618032416.0

008 - عناصر بيانات ثابتة الطول

  • حقل تحكم ثابت الطول: 120618|||a|||||| | ||| d

040 ## - مصدر الفهرسة

  • هيئة الفهرسة الأصلية: OSt
  • وكالة الكتابة: OSt

100 ## - مدخل -- أسم شخص

  • إسم شخص: ابن بشر، عثمان بن عبد الله بن عثمان،
  • تواريخ مرتبطة بالاسم: ت. 1290 هـ.

670 ## - بيانات المصدر موجوده

  • الاستشهاد بالمصدر: Work cat.: (OSt)7775: ابن بشر، عثمان بن عبد الله بن عثمان، ت. 1290 هـ., عنوان المجد في تاريخ نجد /, 2008